000 01631nam0a2200421 4500
001 RU\NLR\bibl\127482
005 20260409074111.0
010 _a5-89638-038-0
_91000
021 _aRU
_b2000-37327
_91722
035 _a(NLR Aleph) 000124887
090 _a712085
_c712085
100 _a20001204d2000 u y0rusy50 ca
101 0 _arus
102 _aRU
105 _aa |||||||||
200 1 _aОт "Розы Мира" Даниила Андреева-к концепции "Разум"
_fМ. Г. Рогульченко
210 _aМ.
_cСИНТЕГ
_d2000
215 _a67 с.
_cил.
_d20
225 1 _aСерия "Ноосфера"
320 _aБиблиогр.: с. 65-67
600 1 _aАндреев
_bДаниил Леонидович. Роза Мира
604 _1700#1$aАндреев$bД. Л.$f1906-1959$gДаниил Леонидович$4070
_150010$aРоза Мира$2psbo
_aАндреев, Даниил Леонидович (1906-1959)
_tРоза Мира
606 _aКартина мира (филос.)
_3RU\NLR\auth\661279820
_92119040
610 0 _aМировоззрение
610 0 _aКартина мира
610 0 _aЭзотерические учения
675 _a140.8
_v3
_zrus
686 _a02
_2rugasnti
686 _a87
_2rubbk
686 _aЮ212
700 1 _4070
_8rus
_7ca
_aРогульченко
_bМ. Г.
_f1937-
_gМарат Григорьевич
_3RU\NLR\auth\7743934
_926876
801 0 _aRU
_bRKP
_c20001204
_gPSBO
801 1 _aRU
_bRKP
_c20001204
801 2 _aRU
_bNLR
_c20061020
_grcr
852 _aNLR
_j2000-4/8613
942 _cBOOK
980 _aNB